Chemistry : (Record no. 183339)
[ view plain ]
| 000 -LEADER | |
|---|---|
| fixed length control field | 00684 a2200169 4500 |
| 003 - CONTROL NUMBER IDENTIFIER | |
| control field | Nust |
| 005 - DATE AND TIME OF LATEST TRANSACTION | |
| control field | 20221011123434.0 |
| 040 ## - CATALOGING SOURCE | |
| Transcribing agency | Nust |
| 082 ## - DEWEY DECIMAL CLASSIFICATION NUMBER | |
| Classification number | 540,THO |
| 100 ## - MAIN ENTRY--PERSONAL NAME | |
| Personal name | Thomson, Tom R |
| 9 (RLIN) | 99880 |
| 245 ## - TITLE STATEMENT | |
| Title | Chemistry : |
| Remainder of title | Introduction to matter / |
| Statement of responsibility, etc. | Tom R Thomson |
| 260 ## - PUBLICATION, DISTRIBUTION, ETC. | |
| Place of publication, distribution, etc. | London |
| Name of publisher, distributor, etc. | Addison |
| 300 ## - PHYSICAL DESCRIPTION | |
| Extent | 704: |
| 505 ## - FORMATTED CONTENTS NOTE | |
| Formatted contents note | Matter and its Forms (Page-1), Chemical Change and Stoichiometry (Page-114), Evidence for Atoms (Page-152), Chemical Bonding (Page-252), Kinetics, Oxidation-Reduction and Electrochemistry (Page-392), Organic and Biochemistry (Page-454), Families of Elements (Page-520), Colloids and Radioactivity (Page-594). |
| 650 ## - SUBJECT ADDED ENTRY--TOPICAL TERM | |
| Topical term or geographic name entry element | Chemistry |
| 942 ## - ADDED ENTRY ELEMENTS (KOHA) | |
| Source of classification or shelving scheme | |
| Koha item type | Book |
| Withdrawn status | Lost status | Source of classification or shelving scheme | Damaged status | Not for loan | Permanent Location | Current Location | Shelving location | Date acquired | Full call number | Barcode | Date last seen | Price effective from | Koha item type | Public note |
|---|---|---|---|---|---|---|---|---|---|---|---|---|---|---|
| Military College of Signals (MCS) | Military College of Signals (MCS) | General Stacks | 12/12/2016 | 540,THO | MCS6441 | 12/08/2016 | 12/12/2016 | Book | Almirah No.25, Shelf No.2 | |||||
| Military College of Signals (MCS) | Military College of Signals (MCS) | General Stacks | 12/12/2016 | 540,THO | MCS6666 | 12/08/2016 | 12/12/2016 | Book | Almirah No.25, Shelf No.2 |
